Statystyki dla Quiz o Papui-Nowej Gwinei

Kliknij tutaj aby rozwiązać quiz!

Ogólne statystyki

  • Ten quiz został rozwiązany 457 razy
  • Średni wynik to 8 z 17

Statystyki odpowiedzi

WskazówkaOdpowiedź% Poprawnych
Jedyne państwo granicząceIndonezja
97%
Państwo, od którego PNG uzyskała niepodległość w 1975 rokuAustralia
84%
StolicaPort Moresby
77%
Największy sektor gospodarkiRolnictwo
65%
Państwo, które skolonizowało północną połowę PNG
w latach 1884–1919
Niemcy
57%
Nazwij jedno z trzech mórz graniczących z PNGMorze Koralowe | Morze Bismarcka |
Morze Salomona
55%
Najpopularniejszy sportRugby league
53%
Słowo kończące się na "izm”,
który był kiedyś szeroko rozpowszechniony
i nadal istnieje wśród niektórych odległych plemion
Kanibalizm
52%
Konstelacja, która pojawia się na fladzeKrzyż Południa
51%
Podregion Oceanii, do którego należy PNGMelanezja
48%
Ornithoptera alexandrae ze skrzydłami o średnicy 25 cm jest
największym gatunkiem ____ znalezionym na całym świecie
Motyla
38%
PNG ma ich 851, więcej niż jakikolwiek inny krajJęzyki lokalne
26%
Cieśnina oceaniczna oddzielająca PNG od powyższego państwaCieśnina {Torresa}
25%
Najwyższa góraGóra {Wilhelma}
25%
Druga największa wyspaNowa Brytania
25%
Region, który w przeważającej większości głosował
za uniezależnieniem się w 2019 r.
(Uwaga: wyniki nie są wiążące)
Wyspa {Bougainville’a}
25%
Rodzaj ptaka, który pojawia się na fladzeCudowronka krasnopióra
24%

Rozkład punktacji

Percentyl według liczby udzielonych odpowiedzi

Procent ludzi z każdym wynikiem

Twoja historia wyników

Nie rozwiązałeś tego quizu